Vista normal Vista MARC

Entrada Nombre personal

Número de registros utilizados en: 1

001 - NÚMERO DE CONTROL

  • Campo de control: 45109

003 - IDENTIFICADOR DE NÚMERO DE CONTROL

  • Campo de control: OSt

005 - FECHA Y HORA DE LA ULTIMA MODIFICACION

  • Campo de control: 20210423163412.0

008 - ELEMENTOS DE DATOS DE LONGITUD FIJA

  • Campo de longitud fija: 210423|| aca||aabn | a|a d

040 ## - FUENTE DE LA CATALOGACIÓN

  • Agencia original de catalogación: OSt

100 1# - ENCABEZAMIENTO--NOMBRE DE PERSONA

  • Nombre personal: Arana Romero, Rocio Abigail

670 ## - FUENTE DE DATOS ENCONTRADOS

  • Fuente de citación: Investigación, Impactos de la pandemia COVID-19 en el sector turístico del municipio de Atiquizaya, departamento de Ahuachapán.-

670 ## - FUENTE DE DATOS ENCONTRADOS

  • Fuente de citación: BMC.- 23-04-2021